000 01618nam a22003497a 4500
005 20241004125921.0
008 241004b ||||| |||| 00| 0 eng d
020 _a9783319318684
020 _a9783319318707 (ebook)
040 _aCO-BoUCM
_cDavid Moreno
_dDavid Moreno
041 _aeng
100 1 _aStoeglehner, Gernot
_9183324
245 1 0 _aIntegrated Spatial and Energy Planning
_bSupporting Climate Protection and the Energy Turn with Means of Spatial Planning
_cGernot Stoeglehner, Georg Neugebauer, Susanna Erker...[and another]
250 _a1a. Ed
260 _aCham, Alemania
_bSpringer International Publishing
_c2016
300 _axii, 115 Paginas
490 _aSpringerBriefs in Applied Sciences and Technology
_x2191-530X
505 _rIntroduction -- System interrelations between spatial structures and energy planning -- Spatial archetypes in the energy turn -- Fields of Action for Integrated Spatial and Energy planning -- Measures and tools at the local and regional level -- Resume.
650 1 4 _aPolítica energética
_921978
650 1 4 _aEnergía y estado
_9183235
650 1 4 _aDesarrollo sostenible
_912992
650 1 4 _aEconomía regional
_913711
650 1 4 _aEconomía espacial
_9183325
650 1 4 _aPolítica, economía y gestión energética
_9183063
650 1 4 _aDesarrollo sostenible
_912992
650 1 4 _aCiencia regional/espacial
_9183326
700 1 _aNeugebauer, Georg.
_9183327
700 1 _aErker, Susanna.
_9183328
700 1 _aNarodoslawsky, Michael.
_9183329
942 _2DEWEY
_a7
_cLIBRO
_e1
_h333.7
_mS871i
_n0
999 _c324878
_d324878